Návrh odbudzovacieho zariadenia : Záverečná zpráva výskumnej úlohy. číslo výskumnej úlohy El F 16

Salvato in:
Dettagli Bibliografici
Autore principale: Szabó, Miloš (Autore)
Altri autori: Fábry, Karol (Capo team ricerca)
Natura: Libro
Pubblicazione: Bratislava : SVŠT v Bratislave EF, 1963
Tags: Aggiungi Tag
Nessun Tag, puoi essere il primo ad aggiungerne!!

MARC

LEADER 00000nam a22000003a 4500
001 stu236752
005 20150617230124.4
008 111019s1963----------------------------d
040 |a STU  |b slo 
041 0
100 1 |a Fábry, Karol  |4 rth 
245 1 |a Návrh odbudzovacieho zariadenia :  |b Záverečná zpráva výskumnej úlohy. číslo výskumnej úlohy El F 16 
260 |a Bratislava :  |b SVŠT v Bratislave EF,  |c 1963 
300 |a 45 s 
700 1 |a Szabó, Miloš  |4 aut 
996 |b EVYSK-S-18  |c E*VYSK-S-18  |l E  |s P  |a 0  |w stu236752_0001